| 000 | 01360nam a2200433 a 4500 | ||
|---|---|---|---|
| 001 | 21450 | ||
| 003 | CZ PrNK | ||
| 005 | 20260302123054.0 | ||
| 007 | ta | ||
| 008 | 091015s2009 xr a b 000 j slo | ||
| 015 | _acnb002006646 | ||
| 020 |
_a9788025212370 _q(váz.) |
||
| 035 | _a(OCoLC)481032808 | ||
| 040 |
_aBOA001 _bcze _dABA001 _dOLA001 |
||
| 041 | 1 |
_aslo _heng |
|
| 072 | 7 |
_a821-93 _xLiteratura pro děti a mládež (beletrie) _2Konspekt |
|
| 080 |
_a821-93 _2MRF |
||
| 080 |
_a821-32 _2MRF |
||
| 080 |
_a(0:82-32) _2MRF |
||
| 245 | 0 | 0 |
_aOvečka Shaun. _pPizza až do domu a Farmárova neter |
| 246 | 3 | 0 | _aPizza až do domu a Farmárova neter |
| 246 | 3 | 0 | _aPizza až do domu |
| 246 | 3 | 0 | _aFarmárova neter |
| 250 | _a1. vyd. | ||
| 260 |
_aV Prahe : _bEgmont, _c2009 |
||
| 300 |
_a47 s. : _bbarev. il. ; _c27 cm |
||
| 490 | 1 | _aOvečka Shaun | |
| 500 | _aPřeloženo z angličtiny | ||
| 500 | _aZpracováno na základě originálů autorů: Richarda Goleszowskiho, Roberta Dudleye a Trevora Rickettse | ||
| 655 | 7 |
_apříběhy _2czenas |
|
| 655 | 7 |
_apublikace pro děti _2czenas |
|
| 655 | 9 |
_astories _2eczenas |
|
| 655 | 9 |
_achildren's literature _2eczenas |
|
| 765 | 0 | _tTakeaway and Farmer's niece | |
| 830 | 0 | _aOvečka Shaun (Egmont) | |
| 901 |
_b9788025212370 _f1. vyd. _o20091203 |
||
| 910 | _aABA001 | ||
| 942 |
_2ddc _cKLDE _n0 |
||
| 999 |
_c21450 _d21450 |
||